| Tag |
First Indicator |
Second Indicator |
Subfields |
| LEADER |
00000cam a2200000 i 4500 |
| 001 |
in00004337607 |
| 005 |
20211120105807.0 |
| 006 |
m o d f |
| 007 |
cr ||||||||||| |
| 008 |
200731s2020 dcuab ob f000 0 eng c |
| 035 |
|
|
|a (OCoLC)on1179497493
|
| 042 |
|
|
|a pcc
|
| 043 |
|
|
|a n-us---
|
| 040 |
|
|
|a GPO
|b eng
|e rda
|e pn
|c GPO
|d MvI
|
| 049 |
|
|
|a WWW
|
| 074 |
|
|
|a 1088-B (online)
|
| 086 |
0 |
|
|a Y 3.W 58/10:2/R 72
|
| 245 |
0 |
4 |
|a The White House rose garden landscape report /
|c Committee for the Preservation of the White House, Subcommittee for Gardens and Grounds.
|
| 264 |
|
1 |
|a [Washington, D.C.] :
|b Committee for the Preservation of the White House, Subcommittee for Gardens and Grounds,
|c 2020.
|
| 300 |
|
|
|a 1 online resource (xii, 229 pages) :
|b color illustrations, maps
|
| 336 |
|
|
|a text
|b txt
|2 rdacontent
|
| 337 |
|
|
|a computer
|b c
|2 rdamedia
|
| 338 |
|
|
|a online resource
|b cr
|2 rdacarrier
|
| 504 |
|
|
|a Includes bibliographical references (pages 223-229).
|
| 588 |
|
|
|a Description based on online resource; title from PDF cover (OVSLA website, viewed July 28, 2020).
|
| 651 |
|
0 |
|a White House Gardens (Washington, D.C.)
|
| 650 |
|
0 |
|a Rose gardens
|z Washington (D.C.)
|
| 650 |
|
0 |
|a Landscape architecture
|z Washington (D.C.)
|
| 710 |
1 |
|
|a United States.
|b Committee for the Preservation of the White House.
|b Subcommittee for Gardens and Grounds,
|e issuing body.
|
| 856 |
4 |
0 |
|u https://purl.fdlp.gov/GPO/gpo142316
|t 0
|
| 999 |
f |
f |
|s 8364af75-afd3-3945-a2c1-6a5a5601c703
|i a111658f-e397-39d8-94ba-f8898544a5a4
|t 0
|
| 952 |
f |
f |
|a Texas A&M University
|b College Station
|c Electronic Resources
|d Available Online
|t 0
|e Y 3.W 58/10:2/R 72
|h Superintendent of Documents classification
|
| 998 |
f |
f |
|a Y 3.W 58/10:2/R 72
|t 0
|l Available Online
|